Представление документа в формате MARC21

Поле Инд. ПП Название Значение
Тип записи a
Библиографический уровень m
001 Контрольный номер ed379a38-1c8c-4c9b-a7fc-e1e38a5a67c1
005 Дата корректировки 20140703144755.8
008 Кодируемые данные 020904
020 c Цена, тираж б/ц
040 a Служба первич. каталог. НБ ТвГУ
041 a Код языка текста rus
080 a Индекс УДК 811.112.2'367(043.3)
084 a Индекс другой классификации/Индекс ББК Ш143.24-22я031
a Индекс другой классификации/Индекс ББК Ш143.24-32я031
090 x Авторский знак С32
a Полочн. индекс Ш143.24
100 1_ a Автор Сергеева Валентина Ивановна
245 10 a Заглавие Семантическая интерпретация немецких предложений со словами и семантическими вариантами слов, специализированными в присвязочном употреблении
b Продолж. заглавия автореф. дис. ... канд. филол. наук : 10.02.04
c Ответственность Калинин. гос. ун-т
260 0_ a Место издания Калинин
b Издательство КГУ
c Дата издания 1979
300 a Объем 15, [1] с.
b Иллюстрации/ тип воспроизводства табл.
500 a Примечание На правах рукоп.
504 a Библиография Библиогр. в конце кн.
583 a Действие Получение впервые 248 27.06.2006
650 a Основная рубрика Немецкий язык
x Основная подрубрика Синтаксис
x Основная подрубрика Семантика
650 a Основная рубрика Предложение в немецком языке
653 a Ключевые слова Немецкий язык
a Ключевые слова Синтаксис немецкого языка
a Ключевые слова Предложение в немецком языке
a Ключевые слова Семантика
a Ключевые слова Авторефераты
852 t Порядковый номер экземпляра 2
p Инвентарный номер б/н
888 a Бесплатные
930 a Новая/Ретро авторефераты
952 p 248.2006 б/ц 2 б/н
c Вид литературы А/Р н
954 a Дата поступления на обработку 20060629
999 a Подразделение 2 ч.з.